000
00238nam a2200097Ia 4500
005
20251222175818.0
008
251222s9999||||xx |||||||||||||| ||spa||
082
_a
DVD0070/P53/1998
245
0
_a
Fuera del mundo:Fuori dal mondo
942
_c
DVD
999
_c
40393
_d
40393